000
00205nam a22000857a 4500
008
161210b xxu||||| |||| 00| 0 eng d
100
_9
1971
_a
Pitambar
245
_a
Biology-XII
260
_a
New Delhi
_b
P.P.C.
_c
2009
999
_c
4770
_d
4770